ბათუმის შოთა რუსთაველის სახელმწიფო უნივერსიტეტის ბიბლიოთეკა

შავი ჭირი : (ბიბ.ჩანაწერი № 42032)

000 -ლიდერი
ფიქსირებული სიგრძის საკონტროლო ველი 01177nam a2200265Ia 4500
001 - საკონტროლო ნომერი
საკონტროლო ველი 8722
003 - საკონტროლო ნომრის იდენტიფიკატორი
საკონტროლო ველი GE_BSU
005 - ბოლო ოპერაციის თარიღი და დრო
საკონტროლო ველი 20240528162556.0
008 - ფიქსირებული სიგრძის მონაცემთა ელემენტები - ზოგადი ინფორმაცია
ფიქსირებული სიგრძის საკონტროლო ველი 181216s2012||||ge |||||||||||||| ||geo||
020 ## - წიგნის საერთაშორისო სტანდარტული ნომერი
International Standard Book Number 9789941923609
040 ## - კატალოგიზაციის წყარო
Transcribing agency GE_BSU
041 ## - ენის კოდი
Language code of text/sound track or separate title geo
080 ## - უნივერსალური ათობითი კლასიფიკაციის ინდექსი
Universal Decimal Classification number 821.133.1-31
100 ## - მთავარი ჩანაწერი - პიროვნების სახელი
Personal name კამიუ, ალბერ
9 (RLIN) 3087
245 ## - ცნობა სათაურის შესახებ
Title შავი ჭირი :
Remainder of title რომანი /
Statement of responsibility, etc ალბერ კამიუ ; [ფრანგ. თარგმნეს : გასტონ ბუაჩიძემ, კოტე ჯავრიშვილმა და ნესტან იორდანიშვილმა]..
264 ## - წარმოების, გამოცემის, დისტრიბუციის და სხვა ცნობები
გამოცემის, წარმოების, დისტრიბუციის... ადგილი თბილისი :
გამოცემის, წარმოების, დისტრიბუციის... სახელწოდება აგორა,
გამოცემის, წარმოების, დისტრიბუციის... თარიღი 2012.
300 ## - ფიზიკური აღწერა
Extent 376 გვ. ;
Dimensions 17 სმ.
653 ## - INDEX TERM--UNCONTROLLED
Uncontrolled term რომანი
653 ## - INDEX TERM--UNCONTROLLED
Uncontrolled term შავი ჭირი
700 ## - ADDED ENTRY--PERSONAL NAME
Dates associated with a name ბუაჩიძე, გასტონ
Relator term მთარგმნელი
9 (RLIN) 3088
700 ## - ADDED ENTRY--PERSONAL NAME
Personal name ჯავრიშვილი, კოტე
Relator term მთარგმნელი
9 (RLIN) 22203
700 ## - ADDED ENTRY--PERSONAL NAME
Personal name იორდანიშვილი, ნესტან
Relator term მთარგმნელი
9 (RLIN) 3090
942 ## - ADDED ENTRY ELEMENTS (KOHA)
Koha item type წიგნი
Source of classification or shelving scheme
ეგზემპლარები
ჩამოწერის სტატუსი დაკარგული ეგზემპლარის სტატუსი კლასიფიკაციის წყარო ან თაროზე გაწყობის სქემა დაზიანების სტატუსი არ გაიცემა მუდმივი მდებარეობა (დაცვის ადგილი) ამჟამინდელი ადგილსამყოფელი თაროზე განთავსების ადგილი შეძენის თარიღი ღირებულება, შესყიდვის ნორმალური ფასი სრული შენახვის შიფრი შტრიხკოდი ბოლო ოპერაციის თარიღი ეგზემპლარის მიმდევრობითი ნომერი (კეტერი?) ფასის ძალაში შესვლის თარიღი ეგზემპლარის სახეობა საჯარო შენიშვნა
          ბათუმის შოთა რუსთაველის სახელმწიფო უნივერსიტეტის მთავარი ბიბლიოთეკა ბათუმის შოთა რუსთაველის სახელმწიფო უნივერსიტეტის მთავარი ბიბლიოთეკა წიგნსაცავი 2018-12-17 9.00 821.133.1-31 26781 2018-12-17 26781 2018-12-17 წიგნი 9.00 ₾.